| 000 | 01021cab a2200229 4500 | ||
|---|---|---|---|
| 001 | ABS49703 | ||
| 008 | 090401t1993 xxu||||| |||| 00| 0 eng d | ||
| 035 | _a(Sirsi) u72426 | ||
| 041 | _aeng | ||
| 100 | _aFishman, J. | ||
| 245 | _aSales by fixed-charge receivers | ||
| 260 | _c1993 | ||
| 350 | _a0 | ||
| 490 |
_aEstates Gazette _v(9345) 13 November 1993, 122-123(2) |
||
| 520 | _aConsiders practical and technical points relating to sales by, and purchases from, Law of Property Act Receivers, which a purchaser is likely to raise. In particular, it addresses appointment and acceptance, receiver`s powers, LPA or administrative receiver, mortgage indemnity guarantee policies (MIGs) Receiver`s duty of care, registration at HM Land Registry, sales by the receiver after liquidation and releasing security where a receiver sells. | ||
| 650 | _aDUTY OF CARE | ||
| 650 | _aLAW OF PROPERTY ACT RECEIVERS | ||
| 650 | _aRECEIVERSHIP | ||
| 690 | _aPROPERTY LAW AND PRACTICE | ||
| 942 | _n0 | ||
| 948 | _c04/03/1997 | ||
| 999 |
_c45760 _d45760 |
||